00756cam a2200217 450000100060000000300060000600500170001200800410002903500270007004000290009704100080012608200130013411000420014724501300018924600220031925000180034126000660035930000610042550400390048665000130052511794UkOxU20211208235201.0140127s1963 mauabc b 00100 eng d a(CStRLIN)CUDG83-B23614 cWadBD-RUjaCStRLINbeng aeng04a574bBIO20aBiological Sciences Curriculum Study.10aBiological science :bmolecules to man /cby Biological Sciences Curriculum Study, American Institute of Biological Sciences.14aMolecules to man. aBlue version.0 aBoston ;bHoughton Mifflin :aLondon ;bEdward Arnold,cc1963 axx, 716, lvi, 130 p. :bill. ports., col. maps ;c25 cm. aIncludes bibliographies and index. 0aBiology.